Normal view
MARC view
Entry Personal Name
001 - CONTROL NUMBER
- control field: 1574481
003 - CONTROL NUMBER IDENTIFIER
- control field: NLI
005 - DATE AND TIME OF LATEST TRANSACTION
- control field: 20241010125940.0
008 - FIXED-LENGTH DATA ELEMENTS
- fixed length control field: 241010|| aca||aabn | a|a d
040 ## - CATALOGING SOURCE
- Original cataloging agency: NLI
- Transcribing agency: NLI
100 ## - HEADING--PERSONAL NAME
- Personal name: निकम, शैलेश
670 ## - SOURCE DATA FOUND
- Source citation: Work cat.: (NLI)2079: वाणी, बाबासाहेब 1574478, पर्यावरण भूगोल, 2020.
